| 000 | 004850000a22001930004500 | ||
|---|---|---|---|
| 999 |
_c49230 _d49230 |
||
| 001 | 2082 | ||
| 003 | CO-MdFUSB | ||
| 005 | 20181102160504.0 | ||
| 008 | 181102b xxu||||| |||| 00| 0 eng d | ||
| 020 | _a0-7112-0682-1 | ||
| 040 | _cCO-MdBIC | ||
| 082 | 0 | 4 | _a813C Or13m |
| 100 | 1 | _aOram, Hiawyn | |
| 245 | 1 | 0 | _aMine! / Hiawyn Oram ; ilustrado por Mary Rees |
| 260 | _aLondo : Frances Lincon | ||
| 300 | _a[26 P.] | ||
| 650 | 1 | 4 | _aCuentos Infantiles estadounidenses |
| 942 | _cLGB | ||